000 00768nam a2200229Ii 4500
003 JO-AjNU
005 20240114100146.0
008 230605s9999||||xx |||||||||||||| ||und||
040 _aJO-AjNU
_bara
_erda
_cJO-AjNU
041 _aara
050 1 4 _aHC498. R3222 1999
100 3 _aالربضي، إنصاف جميل,
_eauthor
_959489
245 0 0 _aدراسات وتحليلات في الفكر والساسية العربية المعاصرة
250 _aط1
264 3 1 _aعمان: دار الفكر للطباعة والنشر، 1999
300 _a202ص
336 _atext
_btxt
_2rdacontent
337 _aunmediated
_bn
_2rdamedia
338 _avolume
_bnc
_2rdacarrier
650 4 _aالفكر السياسي-دراسة وتحليل
_959490
942 _2lcc
_cBK
999 _c30341
_d30341